| 000 | 00868nam a2200217 i 4500 | ||
|---|---|---|---|
| 001 | 98466 | ||
| 003 | ES-MaACL | ||
| 005 | 20251114135702.0 | ||
| 007 | t| | ||
| 008 | 050912s1911 sp ||||1| spa d | ||
| 080 | _a929 Peña, Manuel Pedro | ||
| 245 | 0 | 0 |
_aNotas biográficas de Manuel Pedro Peña (El ciudadano paraguayo) _b: conmemorando el centenario de su nacimiento,1811-1911. |
| 260 |
_a[S.l. : _bs.n.], _c1911 ( _e[Buenos Aires] : _fRobles, Hernando y Cía) |
||
| 300 |
_a52 p., [2 ] h. lám. ; _c23 cm. |
||
| 500 | _aRetratos del biografiado. | ||
| 530 | _aDisponible también en sitio web. | ||
| 600 | 1 | 7 |
_aPeña, Manuel Pedro, _d1811-1867 _2 _9149149 |
| 852 |
_aES-MaACL _jT-1252-F-5 |
||
| 856 |
_uhttp://bibliotecadigitalhispanica.bne.es:80/webclient/DeliveryManager?pid=2809231&custom_att_2=simple_viewer _zIr a la página |
||
| 999 |
_c98466 _d98466 |
||